000 00445nam a2200169 4500
001 143429
003 ES-MaACL
005 20230906200817.0
007 t|
008 070214s1978 sp r ||||1| spa d
100 1 _aSenent-Josa, Joan.
_9105458
245 1 0 _aConocer Mao y su obra /
_cJuan Senent-Josa.
250 _a1ยช. ed.
260 _aBarcelona :
_bDopesa,
_c1978.
300 _a160 p. ;
_c19 cm.
852 _aES-MaACL
_jA-8751
_bR.97887
999 _c143429
_d143429